[Event "Cairo Egyptian op"]
[Site "Cairo"]
[Date "2016.04.27"]
[Round "8"]
[White "Khalil, Hany"]
[Black "Ezat, Abdallah"]
[Result "1/2-1/2"]
[WhiteElo "2036"]
[BlackElo "2239"]
[PlyCount "94"]
[EventDate "2016.04.22"]
[EventType "swiss"]
[EventRounds "9"]
[EventCountry "EGY"]
[SourceTitle "CBM 172 Extra"]
[Source "ChessBase"]
[SourceDate "2016.06.21"]
[SourceVersion "1"]
[SourceVersionDate "2016.06.21"]
[SourceQuality "1"]

1. c4 c6 2. d4 d5 3. Nc3 Nf6 4. Nf3 e6 5. e3 Nbd7 6. Bd3 dxc4 7. Bxc4 b5 8. Bd3 Bb7 9. 0-0 a6 10. a3 c5 11. Be2 c4 12. Bd2 Qc7 13. h3 Rg8 14. Nh2 Bd6 15. Ng4 h5 16. Nxf6+ gxf6 17. Bf3 f5 18. e4 Bf4 19. d5 Bxd2 20. dxe6 Bxc3 21. exd7+ Qxd7 22. Qxd7+ Kxd7 23. bxc3 Bxe4 24. Rfd1+ Kc7 25. Bxe4 fxe4 26. Rd5 Rad8 27. Rxh5 Rd3 28. Rc1 Kd6 29. Kf1 Rg6 30. a4 Rd5 31. Rxd5+ Kxd5 32. axb5 axb5 33. g4 Ke5 34. Ke2 Rc6 35. h4 b4 36. h5 b3 37. Rh1 b2 38. Rb1 Rf6 39. h6 Rxh6 40. Rxb2 Rh3 41. Rb7 Rxc3 42. Rxf7 Rd3 43. g5 Rd6 44. Ke3 Rg6 45. Rf4 Kd5 46. Rf5+ Kc6 47. Kxe4 c3 1/2-1/2

[Event "Cairo Egyptian op"]
[Site "Cairo"]
[Date "2016.04.23"]
[Round "2"]
[White "Khalil, Hany"]
[Black "Ezat, Mohamed Mahmoud"]
[Result "0-1"]
[WhiteElo "2036"]
[BlackElo "2467"]
[PlyCount "110"]
[EventDate "2016.04.22"]
[EventType "swiss"]
[EventRounds "9"]
[EventCountry "EGY"]
[SourceTitle "CBM 172 Extra"]
[Source "ChessBase"]
[SourceDate "2016.06.21"]
[SourceVersion "1"]
[SourceVersionDate "2016.06.21"]
[SourceQuality "1"]

1. c4 Nf6 2. d4 c5 3. e3 cxd4 4. exd4 d5 5. Nc3 g6 6. h3 Bg7 7. Nf3 0-0 8. Be2 Nc6 9. 0-0 Bf5 10. Bf4 dxc4 11. Bxc4 Rc8 12. Bb3 Ne4 13. Re1 Nxc3 14. bxc3 Na5 15. Rc1 a6 16. Bg5 Rc7 17. Bf4 Rc8 18. Bg5 Rc7 19. Bf4 Rd7 20. Ne5 Rd6 21. Nxf7 Rxf7 22. Bxf7+ Kxf7 23. Bxd6 Qxd6 24. Qa4 b6 25. Qb4 Bh6 26. Qb2 Nc4 27. Qe2 Bxc1 28. Rxc1 Qe6 29. Kf1 Qxe2+ 30. Kxe2 b5 31. g4 Be6 32. Rc2 Na3 33. Rb2 Bc4+ 34. Kf3 Ke6 35. Kf4 h6 36. h4 Kd5 37. Ke3 Bf1 38. Rb3 Nc4+ 39. Kf4 Bd3 40. Rb4 Bc2 41. f3 Kc6 42. a4 Bxa4 43. Rb1 Kd6 44. Rc1 a5 45. h5 gxh5 46. Rh1 b4 47. cxb4 axb4 48. Rxh5 b3 49. Rxh6+ Kd5 50. Rh5+ Kxd4 51. Rh1 b2 52. Kg5 Bc6 53. Rd1+ Kc3 54. f4 Kc2 55. Rf1 Nd2 0-1